Modern communications jamming principles and techniques (Record no. 12184)

000 -LEADER
fixed length control field 00390nam a22001457a 4500
020 ## - INTERNATIONAL STANDARD BOOK NUMBER
International Standard Book Number 9781608071654
082 ## - DEWEY DECIMAL CLASSIFICATION NUMBER
Classification number 623.73 POI
100 ## - MAIN ENTRY--PERSONAL NAME
Personal name Poisel, Richard
245 ## - TITLE STATEMENT
Title Modern communications jamming principles and techniques
250 ## - EDITION STATEMENT
Edition statement 2nd ed.
260 ## - PUBLICATION, DISTRIBUTION, ETC.
Place of publication, distribution, etc. London
Name of publisher, distributor, etc. Artech House
Date of publication, distribution, etc. 2011
300 ## - PHYSICAL DESCRIPTION
Extent xxiii, 870p. :
Accompanying material 24 cm
650 ## - SUBJECT ADDED ENTRY--TOPICAL TERM
Topical term or geographic name entry element Electronics in military engineering
942 ## - ADDED ENTRY ELEMENTS (KOHA)
Koha item type Book
Holdings
Withdrawn status Lost status Damaged status Not for loan Collection code Permanent Location Current Location Shelving location Date acquired Source of acquisition Cost, normal purchase price Total Checkouts Full call number Barcode Date last seen Date last checked out Price effective from Koha item type
          Central Library (CL) Central Library (CL) General Stacks 09/30/2013 A&J DEF TEK CONSULTANT 12147.78 1 623.73 POI SEECS012676 08/17/2014 01/22/2014 10/02/2013 Book
© 2023 Central Library, National University of Sciences and Technology. All Rights Reserved.